Rozvoj reziliencie v školskom prostredí

Príspevok sa zaoberá témou reziliencie, resp. psychickej odolnosti z pohľadu pôsobenia pedagogických a odborných zamestnancov na žiakov a popisuje jej základné charakteristiky. Zdôvodňuje, prečo je rozvoj tejto zručnosti kľúčový pre plnohodnotnú mentálnu výbavu detí a dospievajúcich a prináša nieko...

ver descrição completa

Na minha lista:
Detalhes bibliográficos
Autor principal: Sajková, Martina
Formato: Capítulo de Livro
Idioma:eslovaco
Assuntos:
Tags: Adicionar Tag
Sem tags, seja o primeiro a adicionar uma tag!

MARC

LEADER 00000naa a2200000 4500
001 0304735
005 20241023085934.3
041 0 |a slo 
044 |a SK 
245 1 0 |a Rozvoj reziliencie v školskom prostredí  |c Martina Sajková 
520 |a Príspevok sa zaoberá témou reziliencie, resp. psychickej odolnosti z pohľadu pôsobenia pedagogických a odborných zamestnancov na žiakov a popisuje jej základné charakteristiky. Zdôvodňuje, prečo je rozvoj tejto zručnosti kľúčový pre plnohodnotnú mentálnu výbavu detí a dospievajúcich a prináša niekoľko pohľadov na to, ako rozvíjať ich psychickú odolnosť v prostredí školy. Článok uvádza príklady zážitkových aktivít z dobrej praxe, prostredníctvom ktorých sa dá psychická odolnosť efektívne rozvíjať a posilňovať. 
610 2 0 |a psychológia 
610 2 0 |a žiaci 
610 2 0 |a pedagógovia 
610 2 0 |a školy 
610 2 0 |a zamestnanci odborní 
100 1 |a Sajková, Martina